IEEE MTT-S International Microwave Symposium digest, June 10-14 1991, Hynes Convention Center, Boston, Massachusetts /

Saved in:
Bibliographic Details
Corporate Authors: IEEE MTT-S International Microwave Symposium Boston, Mass., Institute of Electrical and Electronics Engineers
Other Authors: Heiter, George L.
Format: Conference Proceeding Book
Language:English
Published: New York : IEEE, c1991.
Subjects:
LEADER 01308cam a2200313 a 4500
001 c000230787
003 CARM
005 20070314131955.0
008 920626s1991 nyuace b 101 0 eng d
019 1 |a 9058563  |5 LACONCORD2021 
020 |a 087942592X (cased) 
020 |a 0879425911 (paper) 
020 |a 0879425938 (microfiche) 
035 |a (OCoLC)24527200  |5 LACONCORD2021 
040 |a SUSA  |b eng  |c SUSA 
082 0 4 |a 621.3813  |2 20 
111 2 |a IEEE MTT-S International Microwave Symposium  |d (1991 :  |c Boston, Mass.) 
245 1 0 |a IEEE MTT-S International Microwave Symposium digest, June 10-14 1991, Hynes Convention Center, Boston, Massachusetts /  |c George L. Heiter, digest editor. 
260 |a New York :  |b IEEE,  |c c1991. 
300 |a 3 v. (1370 p.) :  |b ill., plans, ports. ;  |c 28 cm. 
500 |a IEEE cat. no. 91CH28704. 
504 |a Includes bibliographies and index. 
650 0 |a Microwaves  |x Congresses. 
650 0 |a Microwave devices  |x Congresses. 
700 1 |a Heiter, George L. 
710 2 |a Institute of Electrical and Electronics Engineers. 
852 8 |b CARM  |h A1:AQ01E0  |i F01566  |p 0319169  |f BK 
999 f f |i 8b7f537a-66cd-5ed5-bf55-c3ed0efc1df8  |s 85ca2b43-ccf7-5d4e-9f2b-7482c3d8ae3f 
952 f f |p Can circulate  |a CAVAL  |b CAVAL  |c CAVAL  |d CARM 1 Store  |e F01566  |f A1:AQ01E0  |h Other scheme  |i book  |j v.3  |m 0319169